| 000 | 00727nam a2200241 a 4500 | ||
|---|---|---|---|
| 001 | 1178 | ||
| 003 | BR-CuiBMT | ||
| 005 | 20231130200011.0 | ||
| 008 | 231130s2002 spb 000 0 por d | ||
| 020 | _a8536103019 | ||
| 040 |
_aBR-CuiBMT _cBR-CuiBMT |
||
| 080 |
_22007 _a34:334.73 |
||
| 090 |
_a34:334.73 _bC271c |
||
| 100 | 1 |
_aCarelli, Rodrigo de Lacerda, _d1973- |
|
| 245 |
_aCooperativas de mão-de-obra : _bmanual contra a fraude / _cRodrigo de Lacerda Carelli. |
||
| 260 |
_aSão Paulo : _bLTr, _c2002. |
||
| 300 |
_a172 p.: _c23 cm |
||
| 504 | _aInclui bibliografia. | ||
| 650 |
_aDireito do trabalho _zBrasil |
||
| 650 |
_aCooperativas _xLegislação _zBrasil |
||
| 650 |
_aTerceirização _zBrasil |
||
| 942 |
_2udc _cLV |
||
| 999 |
_c1178 _d1178 |
||